Normal view
MARC view
Entry Topical Term
001 - CONTROL NUMBER
- control field: 24597
003 - CONTROL NUMBER IDENTIFIER
- control field: ARRUPE
005 - DATE AND TIME OF LATEST TRANSACTION
- control field: 20160804091812.0
008 - FIXED-LENGTH DATA ELEMENTS
- fixed length control field: 160804|| aca||aabn | a|a d
040 ## - CATALOGING SOURCE
- Original cataloging agency: ARRUPE
- Transcribing agency: ARRUPE
150 ## - HEADING--TOPICAL TERM
- Topical term or geographic name as entry element: Swahili language
- Chronological subdivision: Grammar
670 ## - SOURCE DATA FOUND
- Source citation: Work cat.: (ARRUPE): Islam, Islam K. 24596, Kiswahili, 2009